<?xml version="1.0" encoding="UTF-8"?>
<collection xmlns="http://www.loc.gov/MARC21/slim">
 <record>
  <leader>01308nam a22002177a 4500</leader>
  <controlfield tag="001">NCT_136938</controlfield>
  <controlfield tag="008">220616b        xxu||||| |||| 00| 0 vie d</controlfield>
  <datafield tag="999" ind1=" " ind2=" ">
   <subfield code="c">7065</subfield>
   <subfield code="d">7065</subfield>
  </datafield>
  <datafield tag="020" ind1=" " ind2=" ">
   <subfield code="a">9786046552734</subfield>
   <subfield code="c">169000</subfield>
  </datafield>
  <datafield tag="082" ind1="0" ind2="4">
   <subfield code="2">23rd ed.</subfield>
   <subfield code="a">658.314</subfield>
   <subfield code="b">C743</subfield>
  </datafield>
  <datafield tag="100" ind1="1" ind2=" ">
   <subfield code="a">Conley, Chip</subfield>
  </datafield>
  <datafield tag="245" ind1="1" ind2="0">
   <subfield code="a">Đỉnh cao dẫn dắt doanh nghiệp bằng văn hóa</subfield>
   <subfield code="b">Cách thức các công ty vĩ đại ứng dụng Tháp Nhu cầu Maslow để thành công vượt trội</subfield>
   <subfield code="c">Chip Conley ; Habana team (dịch)</subfield>
  </datafield>
  <datafield tag="260" ind1=" " ind2=" ">
   <subfield code="a">H,</subfield>
   <subfield code="b">Lao Động</subfield>
   <subfield code="c">2020</subfield>
  </datafield>
  <datafield tag="300" ind1=" " ind2=" ">
   <subfield code="a">316 tr.</subfield>
   <subfield code="b">Minh họa</subfield>
   <subfield code="c">24cm</subfield>
  </datafield>
  <datafield tag="500" ind1=" " ind2=" ">
   <subfield code="a">Tên sách tiếng Anh: PEAK: How great companies get their mojo from maslow</subfield>
  </datafield>
  <datafield tag="520" ind1="3" ind2=" ">
   <subfield code="a">Quyển sách này có những nội dung về maslow và tôi, chân lý số 1 về mối quan hệ: tháp nhân viên, chân lý số 2 về mối quan hệ: tháp khách hàng, chân lý số 3 về mối quan hệ: tháp nhà đầu tư...</subfield>
  </datafield>
  <datafield tag="653" ind1=" " ind2=" ">
   <subfield code="a">Quản trị kinh doanh</subfield>
  </datafield>
  <datafield tag="710" ind1="2" ind2=" ">
   <subfield code="a">Habana Team</subfield>
   <subfield code="b">Dịch</subfield>
  </datafield>
  <datafield tag="942" ind1=" " ind2=" ">
   <subfield code="2">ddc</subfield>
   <subfield code="c">BK</subfield>
  </datafield>
  <datafield tag="952" ind1=" " ind2=" ">
   <subfield code="0">0</subfield>
   <subfield code="1">0</subfield>
   <subfield code="2">ddc</subfield>
   <subfield code="4">0</subfield>
   <subfield code="6">658_314000000000000_C743</subfield>
   <subfield code="7">0</subfield>
   <subfield code="9">25176</subfield>
   <subfield code="a">000001</subfield>
   <subfield code="b">000001</subfield>
   <subfield code="d">2022-06-16</subfield>
   <subfield code="o">658.314 C743</subfield>
   <subfield code="p">MD.19840</subfield>
   <subfield code="r">2022-06-16</subfield>
   <subfield code="v">169000.00</subfield>
   <subfield code="w">2022-06-16</subfield>
   <subfield code="y">BK</subfield>
  </datafield>
  <datafield tag="980" ind1=" " ind2=" ">
   <subfield code="a">Thư viện Trường Đại học Nam Cần Thơ</subfield>
  </datafield>
 </record>
</collection>
